The Last Word: Book Titles V Quiz Stats

Quiz Updated Sep 4, 2015

Challenge
Share
Tweet
Embed
Score 0/36 Timer 05:00
0 Plays Today
Hint Answer % Correct
Roald DahlPeach
96.3%
Dr. SeussHat
96.3%
Douglas AdamsGalaxy
95.4%
Dr. SeussHam
95.1%
William ShakespeareNothing
94%
Nathaniel HawthorneLetter
93.7%
Mark TwainSawyer
93.7%
Robert Penn WarrenMen
93.5%
Dr. SeussWho
91.5%
William ShakespeareNight
90.4%
Shel SilversteinEnds
90.2%
Mark TwainPauper
84.7%
Shel SilversteinTree
84.6%
Amy TanClub
81.7%
Madeleine L'EngleTime
79.3%
John UpdikeEastwick
73.7%
Robert Penn WarrenGate
72.6%
Douglas AdamsUniverse
67.9%
Hint Answer % Correct
Sinclair LewisStreet
62%
John UpdikeRun
58.6%
Sinclair LewisHere
51.7%
Shel SilversteinAttic
50.7%
Nathaniel HawthorneTales
49.7%
Douglas AdamsEverything
44.3%
Sinclair LewisGantry
37.8%
William ShakespeareAthens
35.1%
Amy TanWife
32.2%
Mark TwainWilson
29.6%
Madeleine L'EngleDoor
27.2%
Madeleine L'EnglePlanet
24%
Roald DahlMedicine
23.1%
Roald DahlTrot
22%
John UpdikeLilies
20.1%
Amy TanSenses
14.1%
Nathaniel HawthorneRomance
12.4%
Robert Penn WarrenRider
11.8%

You're not logged in!

Compare scores with friends on all Sporcle quizzes.
Sign Up with Email
OR
Log In

You Might Also Like...

Show Comments

Extras

Top Quizzes Today


Score Distribution

Your Account Isn't Verified!

In order to create a playlist on Sporcle, you need to verify the email address you used during registration. Go to your Sporcle Settings to finish the process.